Manuel de prévention et de sécurité locales

Saved in:  
Bibliographic Details
Corporate Author: Belgian forum for urban security. GeistigeR SchöpferIn (Creator)
Format: Print Book
Language:French
Published: Bruxelles Politeia 2024
In:Year: 2024
Edition:4e édition
Online Access: Table of Contents
Check availability: HBZ Gateway
Book acquisition:Place book order
Subito Delivery Service: Order now.

MARC

LEADER 00000cam a2200000 c 4500
001 1912219417
003 DE-627
005 20250325225006.0
007 tu
008 241213s2024 xx ||||| 00| ||fre c
020 |a 9782509044792  |9 978-2-509-04479-2 
035 |a (DE-627)1912219417 
035 |a (DE-599)KXP1912219417 
040 |a DE-627  |b ger  |c DE-627  |e rda 
041 |a fre 
110 2 |a Belgian forum for urban security  |e GeistigeR SchöpferIn  |4 cre 
245 1 0 |a Manuel de prévention et de sécurité locales  |c BeFUS, Belgian forum for urban security 
250 |a 4e édition 
264 1 |a Bruxelles  |b Politeia  |c 2024 
300 |a 257 Seiten 
336 |a Text  |b txt  |2 rdacontent 
337 |a ohne Hilfsmittel zu benutzen  |b n  |2 rdamedia 
338 |a Band  |b nc  |2 rdacarrier 
856 4 2 |u https://swbplus.bsz-bw.de/bsz1912219417inh.htm  |m V:DE-576  |m B:DE-Frei85  |v 20250325193229  |3 Inhaltsverzeichnis  |7 1 
935 |a mkri 
951 |a BO 
ELC |b 1 
LOK |0 000 xxxxxcx a22 zn 4500 
LOK |0 001 4635285081 
LOK |0 003 DE-627 
LOK |0 004 1912219417 
LOK |0 005 20250318114435 
LOK |0 008 241213||||||||||||||||ger||||||| 
LOK |0 040   |a DE-Frei85  |c DE-627  |d DE-Frei85 
LOK |0 852   |a DE-Frei85 
LOK |0 852 1  |m p  |9 00 
LOK |0 938   |k p 
LOK |0 939   |a 13-12-24  |b l01 
ORI |a SA-MARC-krimdoka001.raw 
PDA |a yes